Biên niên sử thế giới /

Nội dung sách giúp bạn đọc hình dung được quá trình phát triển lịch sử của nhân loại, đồng thời nó đáp ứng được nhu cầu muốn tìm hiểu các sự kiện lịch sử thế giới ở một thời điểm nhất định.

Saved in:
Bibliographic Details
Main Author: Nguyễn Văn Dân.
Format: Book
Language:Vietnamese
Published: Hà Nội : Văn hoá, 1999.
Subjects:
Tags: Add Tag
No Tags, Be the first to tag this record!
Institutions: Mạng thư viện Đại học Đà Nẵng
LEADER 01173cam a2200361 i 4500
001 000046717
003 6222
005 20030917082052.0
008 010306b1999 vm 000 vie
020 |c 43000 
040 |a IRC  |c IRC  |d IRC 
041 0 |a vie 
082 1 4 |a 909  |b NG-D 
100 1 |a Nguyễn Văn Dân. 
245 0 0 |a Biên niên sử thế giới /  |c Nguyễn Văn Dân. 
260 |a Hà Nội :  |b Văn hoá,  |c 1999. 
300 |a 498tr. ;  |c 19cm. 
520 3 |a Nội dung sách giúp bạn đọc hình dung được quá trình phát triển lịch sử của nhân loại, đồng thời nó đáp ứng được nhu cầu muốn tìm hiểu các sự kiện lịch sử thế giới ở một thời điểm nhất định. 
630 0 4 |a Lịch sử. 
630 0 4 |a Lịch sử thế giới. 
630 0 4 |a Biên niên sử. 
650 0 4 |a Lịch sử thế giới. 
650 0 4 |a Biên niên sử (thế giới) 
OWN |a DUT 
999 |a From the UDN01 
TYP |a Monograph 
TYP |a Printed language 
980 |a Mạng thư viện Đại học Đà Nẵng